000 00445nam a2200181Ia 4500
001 3219
005 20260306144904.0
008 260306t2007||||xx |||||||||||||| ||spa||
041 _aESP
082 _a262.15
_bS31 2007
100 _aScola, Angelo
_eAUT
245 0 _aUna nueva laicidad:
_btemas para una sociedad plural
260 _c2007
300 _a183 páginas :
_c23 cm.
650 _aGEN
654 _aCHU
942 _cLIB
_dJUS
_fJUS
_2ddc
_n
999 _c3219
_d3219